| 000 | 00433pab a2200181 454500 | ||
|---|---|---|---|
| 008 | 180718b2001 xxu||||| |||| 00| 0 eng d | ||
| 100 | _aKhare, Harish | ||
| 245 | _aAmnesty for brutality | ||
| 260 | _c2001 | ||
| 300 | _ap.15 | ||
| 362 | _a26 Aug | ||
| 650 | _aCivil and political rights - India | ||
| 650 | _aAmnesty - India | ||
| 650 | _aHuman rights - India | ||
| 650 | _aHuman rights | ||
| 773 | _aHindu | ||
| 909 | _a50450 | ||
| 999 |
_c50450 _d50450 |
||